Представление документа в формате RUSMARC

ПолеНазваниеЗначение
  Тип записи a
  Библиографический уровень a
001 Контрольный номер UONB/MAIN/736ed559290144469bcf14c24449441a
005 Дата корректировки 20260422114249.4
100 Данные общей обработки __
a Данные общей обработки 20260421 ||| 0rusy0189 ca
101 Язык документа 0_
a Язык текста rus
102 Страна публикации __
a Страна публикации RU
200 Заглавие и сведения об ответственности 1_
a Заглавие Уранополитизм и настоящее небесное гражданство
f Первые сведения об ответственности Т. Давлетшин
203 Вид содержания и тип средства __
a Вид содержания Текст
c Тип средства непосредственный
225 Серия 1_
a Серия Домашняя церковь
330 Аннотация __
a Аннотация "Уранополитизм (от греч. Uranos — небо, polis — город) — постмодернистское псевдохристианское учение, утверждающее, что патриотизм противоречит учению Христа, так как Родина у христианина одна — на небесах. Учение это начало образовываться в начале 2000-х годов. На Украине среди православных же христиан тогда всячески пропагандировался ультрапатриотизм (или правильнее — псевдопатриотизм), причем антироссийского характера."
461 Уровень набора _0
1 2000
a Москва
1 011
a 0131-2332
463 Уровень физической единицы _0
1 2000
a № 3
v С. 230-232
1 2101
d 2026
1 001UONB/MAIN/be4d8960933542609546a630b5db2276
606 Тематические рубрики 0_
a Основная рубрика Религия. Мистика. Свободомыслие
606 Тематические рубрики 0_
a Основная рубрика Православие
610 Ключевые слова 0_
a Ключевые слова православные христиане
610 Ключевые слова 0_
a Ключевые слова уранополитизм
610 Ключевые слова 0_
a Ключевые слова псевдопатриотизм
610 Ключевые слова 0_
a Ключевые слова потребительская идеология
610 Ключевые слова 0_
a Ключевые слова уранополиты
610 Ключевые слова 0_
a Ключевые слова духовная жизнь
686 Индексы других классификаций __
2 Код системы rubbk
700 Автор _1
a Фамилия Давлетшин
b Имя (инициалы) Т.
g Полное личное имя Тимур
4 Код отношения 070
801 Источник записи _0
a Страна RU
b Организация Ульяновская ОНБ
c Дата составления 20260421
g Правила каталогизации RCR
801 Источник записи _1
a Страна RU
b Организация Ульяновская ОНБ
c Дата составления 20260421
g Правила каталогизации RCR
901 Тип документа __
t Тип документа b
w Контрольный № источника UONB/MAIN/be4d8960933542609546a630b5db2276